Tập viết nhạc Nhạc lý thường thức
में बचाया:
| मुख्य लेखक: | |
|---|---|
| स्वरूप: | पुस्तक |
| प्रकाशित: |
H.
Âm nhạc
1998
|
| विषय: | |
| टैग : |
टैग जोड़ें
कोई टैग नहीं, इस रिकॉर्ड को टैग करने वाले पहले व्यक्ति बनें!
|
| Thư viện lưu trữ: | Trung tâm Học liệu Lê Vũ Hùng, Trường Đại học Đồng Tháp |
|---|
| LEADER | 00642pam a22002058a 4500 | ||
|---|---|---|---|
| 001 | 00022461 | ||
| 005 | 20171026081022.0 | ||
| 008 | 110530s1998 ||||||Viesd | ||
| 041 | 0 | # | |a Vie |
| 082 | 1 | # | |b T123V |a 780.26 |
| 100 | 0 | # | |a Quang Hiển |
| 245 | 0 | 0 | |a Tập viết nhạc |b Nhạc lý thường thức |c Quang Hiển |
| 260 | # | # | |a H. |b Âm nhạc |c 1998 |
| 300 | # | # | |a 32 tr. |c 21 cm. |
| 650 | |a Âm nhạc | ||
| 653 | # | # | |a Tập viết nhạc |
| 852 | # | # | |b Kho đọc |j KD.0009150 |
| 852 | # | # | |j KD.0009150 |
| 910 | # | # | |a nhnam |d 30/05/2011 |
| 980 | # | # | |a Trung tâm Học liệu Lê Vũ Hùng, Trường Đại học Đồng Tháp |